[Event "Peterborough 4NCL Easter op-A"]
[Site "Peterborough"]
[Date "2024.04.01"]
[Round "6"]
[White "Sasikumar, Srivathsan"]
[Black "Guthrie, David"]
[Result "1/2-1/2"]
[WhiteElo "1881"]
[BlackElo "2129"]
[PlyCount "57"]
[EventDate "2024.03.29"]
[EventType "swiss"]
[EventRounds "7"]
[EventCountry "ENG"]
[SourceTitle "CBM 219 Extra"]
[Source "ChessBase"]
[SourceDate "2024.05.31"]
[SourceVersion "1"]
[SourceVersionDate "2024.05.31"]
[SourceQuality "1"]

1. e4 c5 2. Nf3 d6 3. d4 cxd4 4. Nxd4 Nf6 5. Nc3 a6 6. Be2 e6 7. 0-0 Be7 8. Be3 Nc6 9. Qd2 0-0 10. Rad1 Qc7 11. f4 Nxd4 12. Bxd4 Rd8 13. Qe3 Nd7 14. Qg3 Bf8 15. f5 Ne5 16. Rf4 b5 17. Rdf1 b4 18. Nd1 Qxc2 19. Bh5 exf5 20. Ne3 Qd3 21. Rd1 Qb5 22. Nxf5 Bxf5 23. Rxf5 g6 24. Bxe5 dxe5 25. Rdf1 Ra7 26. Bd1 Qd3 27. Qxd3 Rxd3 28. Rxe5 f6 29. Rd5 1/2-1/2

[Event "Newcastle Northumbria Masters"]
[Site "Newcastle on Tyne"]
[Date "2021.08.29"]
[Round "7"]
[White "Bradbury, Neil H"]
[Black "Guthrie, David"]
[Result "1-0"]
[WhiteElo "2297"]
[BlackElo "2165"]
[PlyCount "67"]
[EventDate "2021.08.26"]
[EventType "swiss"]
[EventRounds "9"]
[EventCountry "ENG"]
[SourceTitle "CBM 204 Extra"]
[Source "ChessBase"]
[SourceDate "2021.11.30"]
[SourceVersion "1"]
[SourceVersionDate "2021.11.30"]
[SourceQuality "1"]

1. d4 d5 2. c4 c6 3. Nf3 Nf6 4. g3 Bf5 5. Nbd2 e6 6. Bg2 h6 7. 0-0 Be7 8. b3 0-0 9. Bb2 Ne4 10. Ne1 Nd7 11. Nd3 Qa5 12. Nxe4 dxe4 13. Ne1 Rfd8 14. Nc2 Nf6 15. Qc1 c5 16. e3 b5 17. dxc5 Bxc5 18. a3 Be7 19. b4 Qa4 20. c5 Rd3 21. Nd4 Rc8 22. Rd1 a5 23. Rxd3 exd3 24. Nxf5 exf5 25. Qc3 Rd8 26. Bf3 axb4 27. axb4 Qc2 28. Qxc2 dxc2 29. Rc1 Rd2 30. Bc3 Rd3 31. Rxc2 Ne4 32. Be1 Bd8 33. Be2 Rb3 34. Rc1 1-0

[Event "GBR-ch Major 106th"]
[Site "Torquay"]
[Date "2019.07.28"]
[Round "2"]
[White "Guthrie, David"]
[Black "Mueller, Jens1"]
[Result "1-0"]
[WhiteElo "2142"]
[BlackElo "1965"]
[PlyCount "141"]
[EventDate "2019.07.27"]
[EventType "swiss"]
[EventRounds "9"]
[EventCountry "ENG"]
[SourceTitle "EXT 2020"]
[Source "ChessBase"]
[SourceDate "2019.10.17"]
[SourceVersion "1"]
[SourceVersionDate "2019.10.17"]
[SourceQuality "1"]

1. d4 g6 2. c4 Bg7 3. e4 d6 4. Nc3 Nf6 5. Be2 0-0 6. Nf3 e5 7. 0-0 Nc6 8. d5 Ne7 9. b4 a5 10. Ba3 b6 11. bxa5 Rxa5 12. Bb4 Ra8 13. a4 Ba6 14. a5 bxa5 15. Bxa5 Qd7 16. Qc2 Nh5 17. g3 h6 18. Nb5 Rfc8 19. Rfb1 Nf6 20. c5 Ne8 21. c6 Qd8 22. Bd2 Rcb8 23. Be3 Bxb5 24. Rxa8 Rxa8 25. Rxb5 Qc8 26. Kg2 Rb8 27. Nd2 Rxb5 28. Bxb5 h5 29. Nf3 f6 30. Be2 Kh7 31. Qd2 Ng8 32. Nh4 Qd8 33. f4 exf4 34. gxf4 f5 35. Nf3 Bh6 36. exf5 gxf5 37. Nd4 Ng7 38. Bd3 Qf6 39. Nf3 Ne7 40. Bc4 Ng6 41. Kg3 h4+ 42. Kf2 Nh5 43. Bd4 Qe7 44. Ng5+ Bxg5 45. fxg5 Nhf4 46. Qa5 Nh3+ 47. Kf1 Nxg5 48. Bd3 Ne4 49. Qa8 Ne5 50. Qc8 Qf7 51. Bxe5 dxe5 52. Qd7 Nd6 53. Qxf7+ Nxf7 54. Bxf5+ Kh6 55. Ke2 Kg5 56. Be6 Nd6 57. Ke3 Kf6 58. Kf3 Nb5 59. Kg4 Nd4 60. Kxh4 Nxe6 61. dxe6 Kxe6 62. Kg4 Kd6 63. h4 Kxc6 64. h5 Kd5 65. h6 c5 66. h7 c4 67. h8Q c3 68. Kf5 Kc4 69. Qh1 c2 70. Kxe5 Kb3 71. Qc1 1-0

[Event "BCF-chT2a 1718 (4NCL)"]
[Site "England"]
[Date "2018.03.17"]
[Round "7.23"]
[White "Pein, Malcolm"]
[Black "Guthrie, David"]
[Result "1/2-1/2"]
[WhiteElo "2342"]
[BlackElo "2137"]
[PlyCount "83"]
[EventDate "2017.11.11"]
[EventType "team-tourn"]
[EventRounds "7"]
[EventCountry "ENG"]
[SourceTitle "EXT 2020"]
[Source "ChessBase"]
[SourceDate "2019.10.17"]
[SourceVersion "1"]
[SourceVersionDate "2019.10.17"]
[SourceQuality "1"]
[WhiteTeam "Wood Green Monarchs"]
[BlackTeam "Kings Head"]
[WhiteTeamCountry "ENG"]
[BlackTeamCountry "ENG"]

1. Nf3 d5 2. c4 e6 3. g3 Nf6 4. Bg2 Be7 5. 0-0 0-0 6. d4 dxc4 7. Na3 Bxa3 8. bxa3 Nc6 9. Rb1 Nd5 10. Qc2 Nb6 11. Rd1 h6 12. Bb2 Bd7 13. e4 Ne7 14. Rd2 f6 15. Bc3 Ba4 16. Qc1 Bc6 17. Qe1 Re8 18. Re2 f5 19. Bh3 Bxe4 20. Rxe4 fxe4 21. Bxe6+ Kh8 22. Ne5 Rf8 23. Qxe4 Qd6 24. Nf7+ Rxf7 25. Bxf7 Ned5 26. Bb4 Nxb4 27. Rxb4 Rf8 28. Bxc4 Nxc4 29. Rxc4 c6 30. a4 a6 31. Qe5 Qd7 32. Qe2 Qf7 33. Rc5 Rd8 34. Re5 Rxd4 35. Re8+ Kh7 36. Qc2+ g6 37. Qe2 Rd1+ 38. Kg2 Qd5+ 39. Kh3 Qd7+ 40. Kg2 Qd5+ 41. Kh3 Qd7+ 42. Kg2 1/2-1/2

[Event "Gibraltar Challengers-B"]
[Site "Caleta"]
[Date "2018.01.28"]
[Round "2"]
[White "Yu, Henry"]
[Black "Guthrie, David"]
[Result "1-0"]
[WhiteElo "1947"]
[BlackElo "2181"]
[PlyCount "251"]
[EventDate "2018.01.27"]
[EventType "swiss"]
[EventRounds "5"]
[EventCountry "GGB"]
[SourceTitle "EXT 2019"]
[Source "ChessBase"]
[SourceDate "2018.10.10"]
[SourceVersion "1"]
[SourceVersionDate "2018.10.10"]
[SourceQuality "1"]

1. d4 Nf6 2. c4 g6 3. Nc3 Bg7 4. Nf3 0-0 5. Bg5 d6 6. e3 c6 7. Qc2 a6 8. Be2 b5 9. a3 Nbd7 10. 0-0 h6 11. Bh4 g5 12. Bg3 Nh5 13. Nxg5 hxg5 14. Bxh5 bxc4 15. Ne4 Qa5 16. Qxc4 Qf5 17. Qxc6 Rb8 18. f3 Rb6 19. Qc7 Rb7 20. Qc3 Qe6 21. Nxg5 Qd5 22. f4 Rb8 23. Rac1 f6 24. Bf3 Qa2 25. Be2 Nb6 26. Ra1 Qd5 27. Bf3 Qf5 28. Be4 Qg4 29. Qb3+ d5 30. Bxd5+ Nxd5 31. Qxd5+ e6 32. Qf3 Qf5 33. Ne4 Rd8 34. Nc5 Rxb2 35. e4 Qg6 36. f5 exf5 37. exf5 Qh6 38. Rad1 Bf8 39. Qf4 Qh5 40. Qf3 Qxf3 41. gxf3 Bxf5 42. Nxa6 Bh6 43. f4 Ra8 44. Nc7 Rxa3 45. Rf2 Rxf2 46. Kxf2 Be4 47. Ne8 Ra6 48. Bh4 Ra2+ 49. Ke3 Bf5 50. Nxf6+ Kf7 51. Nd5 Rxh2 52. Bg3 Ra2 53. Rc1 Bg7 54. Rc7+ Kf8 55. Bh4 Ra3+ 56. Nc3 Rb3 57. Be7+ Ke8 58. Bd6 Bf6 59. Be5 Be7 60. d5 Bd8 61. Rc4 Kd7 62. Bd4 Ba5 63. Be5 Bb6+ 64. Kf3 Ra3 65. Kg3 Ra1 66. Rc6 Rg1+ 67. Kf3 Bg4+ 68. Ke4 Re1+ 69. Kd3 Bf5+ 70. Kc4 Bd8 71. Na4 Rc1+ 72. Bc3 Rf1 73. Nc5+ Ke8 74. Be5 Rc1+ 75. Kd4 Bh4 76. Bd6 Re1 77. Kc3 Rc1+ 78. Kb4 Be1+ 79. Kb5 Rd1 80. Kc4 Rc1+ 81. Kd4 Bc3+ 82. Ke3 Re1+ 83. Kf2 Rd1 84. Ne6 Be1+ 85. Ke3 Rd3+ 86. Ke2 Ba5 87. Ng7+ Kd7 88. Nxf5 Rxd5 89. Rc5 Rd2+ 90. Kf3 Bb6 91. Re5 Rf2+ 92. Ke4 Re2+ 93. Kd3 Rf2 94. Ke4 Re2+ 95. Kd5 Rd2+ 96. Kc4 Rc2+ 97. Kd3 Rf2 98. Re7+ Kc6 99. Be5 Rf3+ 100. Kd2 Kd5 101. Rb7 Ba5+ 102. Ke2 Rh3 103. Rb5+ Ke4 104. Rxa5 Kxf5 105. Bc7+ Ke4 106. Re5+ Kxf4 107. Re3+ Kg4 108. Re4+ Kf5 109. Rf4+ Ke6 110. Bb6 Kd5 111. Be3 Ke5 112. Kd3 Kd5 113. Rf5+ Ke6 114. Ra5 Rh1 115. Ke4 Rh4+ 116. Bf4 Rh1 117. Ra6+ Kd7 118. Rd6+ Ke7 119. Ra6 Rh5 120. Be5 Rh4+ 121. Kd5 Rh1 122. Ra7+ Kf8 123. Ke6 Rh6+ 124. Bf6 Kg8 125. Ra8+ Kh7 126. Kf7 1-0

[Event "Gibraltar Masters 16th"]
[Site "Caleta"]
[Date "2018.01.26"]
[Round "4"]
[White "Guthrie, David"]
[Black "Yankelevich, Lev"]
[Result "0-1"]
[WhiteElo "2181"]
[BlackElo "2456"]
[PlyCount "70"]
[EventDate "2018.01.23"]
[EventType "swiss"]
[EventRounds "10"]
[EventCountry "GGB"]
[SourceTitle "CBM 183"]
[Source "ChessBase"]
[SourceDate "2018.03.14"]
[SourceVersion "1"]
[SourceVersionDate "2018.03.14"]
[SourceQuality "1"]

1. d4 d5 2. c4 e6 3. Nc3 Bb4 4. e3 Nf6 5. a3 Bxc3+ 6. bxc3 c6 7. Nf3 b6 8. cxd5 cxd5 9. Bb5+ Bd7 10. a4 Ne4 11. c4 0-0 12. Ba3 Re8 13. Bxd7 Qxd7 14. Ne5 Qb7 15. f3 Nf6 16. cxd5 exd5 17. 0-0 Nc6 18. Nxc6 Qxc6 19. Rc1 Qd7 20. Qb3 Rac8 21. Kf2 h5 22. Rxc8 Qxc8 23. Rc1 Qf5 24. Kg1 h4 25. h3 Qg5 26. Rc3 Nh5 27. Bd6 Ng3 28. Bxg3 hxg3 29. Qa3 Qf5 30. Qc1 Qd7 31. Rc6 Rxe3 32. Qxe3 Qxc6 33. Qf4 Qxa4 34. Qxg3 Qxd4+ 35. Kh2 a5 0-1

[Event "Gibraltar Challengers-A"]
[Site "Caleta"]
[Date "2018.01.23"]
[Round "2"]
[White "Bozinovic, Boban"]
[Black "Guthrie, David"]
[Result "1/2-1/2"]
[WhiteElo "1972"]
[BlackElo "2181"]
[PlyCount "78"]
[EventDate "2018.01.22"]
[EventType "swiss"]
[EventRounds "5"]
[EventCountry "GGB"]
[SourceTitle "EXT 2019"]
[Source "ChessBase"]
[SourceDate "2018.10.10"]
[SourceVersion "1"]
[SourceVersionDate "2018.10.10"]
[SourceQuality "1"]

1. e4 e5 2. Nf3 Nc6 3. d4 exd4 4. Nxd4 Nf6 5. Nxc6 bxc6 6. e5 Qe7 7. Qe2 Nd5 8. c4 Ba6 9. b3 g6 10. g3 Bg7 11. Bb2 0-0 12. Bg2 Rae8 13. 0-0 Bxe5 14. Qxe5 Qxe5 15. Bxe5 Rxe5 16. cxd5 Bxf1 17. Kxf1 cxd5 18. Nc3 c6 19. Rc1 Rfe8 20. Bf3 Kf8 21. h4 Ke7 22. Ne2 Kd6 23. Nf4 Rb8 24. Nd3 Ree8 25. Rc5 f5 26. Ra5 Rb7 27. Be2 Re7 28. Ke1 h6 29. Kd2 g5 30. hxg5 hxg5 31. Nc5 Rc7 32. b4 Rh7 33. Ba6 Ke5 34. Ra3 Kf6 35. Rf3 d6 36. Nb3 g4 37. Rf4 c5 38. Be2 Ke5 39. Bd1 Rh5 1/2-1/2

[Event "BCF-chT1a 1617 (4NCL)"]
[Site "England"]
[Date "2017.03.04"]
[Round "7.14"]
[White "Williams, Simon Kim"]
[Black "Guthrie, David"]
[Result "1-0"]
[WhiteElo "2444"]
[BlackElo "2192"]
[PlyCount "65"]
[EventDate "2016.11.19"]
[EventType "team-tourn"]
[EventRounds "7"]
[EventCountry "ENG"]
[SourceTitle "EXT 2018"]
[Source "ChessBase"]
[SourceDate "2017.10.13"]
[SourceVersion "1"]
[SourceVersionDate "2017.10.13"]
[SourceQuality "1"]
[WhiteTeam "Cheddleton"]
[BlackTeam "Kings Head"]
[WhiteTeamCountry "ENG"]
[BlackTeamCountry "ENG"]

1. e4 c5 2. Be2 Nc6 3. d3 g6 4. f4 Bg7 5. Nf3 Nf6 6. 0-0 0-0 7. Qe1 d6 8. Qh4 Bg4 9. Nbd2 Bxf3 10. Nxf3 Nd4 11. Bd1 e6 12. Ng5 h6 13. Nh3 Nd7 14. Qg3 Kh7 15. c3 Nc6 16. f5 Nde5 17. Bc2 exf5 18. exf5 gxf5 19. Rxf5 Ng6 20. Rh5 Nce7 21. Bf4 d5 22. Rf1 Rc8 23. Bxh6 Bxh6 24. Ng5+ Kg7 25. Rxh6 Kxh6 26. Rxf7 Rh8 27. Qh3+ Kxg5 28. Qe3+ Kh4 29. Qg3+ Kh5 30. Bd1+ Kh6 31. Qe3+ Nf4 32. Qxf4+ Kg6 33. Qf6# 1-0

[Event "BCF-chT1a 1617 (4NCL)"]
[Site "England"]
[Date "2016.11.20"]
[Round "2.42"]
[White "Guthrie, David"]
[Black "Gordon, Stephen J"]
[Result "0-1"]
[WhiteElo "2192"]
[BlackElo "2506"]
[PlyCount "46"]
[EventDate "2016.11.19"]
[EventType "team-tourn"]
[EventRounds "7"]
[EventCountry "ENG"]
[SourceTitle "CBM 175 Extra"]
[Source "ChessBase"]
[SourceDate "2016.12.12"]
[SourceVersion "1"]
[SourceVersionDate "2016.12.12"]
[SourceQuality "1"]
[WhiteTeam "Kings Head"]
[BlackTeam "3CS Oldham"]
[WhiteTeamCountry "ENG"]
[BlackTeamCountry "ENG"]

1. d4 Nf6 2. c4 e6 3. Nc3 Bb4 4. e3 0-0 5. Nge2 d5 6. a3 Be7 7. cxd5 exd5 8. Nf4 c6 9. Bd3 Na6 10. 0-0 Nc7 11. f3 Ne6 12. Nce2 c5 13. Bd2 Qb6 14. Nxe6 fxe6 15. Bc3 cxd4 16. Bxd4 Bc5 17. Bc2 Bd7 18. b4 Bxd4 19. exd4 e5 20. Kh1 e4 21. Qd2 Bb5 22. Rad1 Qa6 23. Rfe1 e3 0-1

[Event "BCF-chT2a 1516 (4NCL)"]
[Site "England"]
[Date "2016.02.14"]
[Round "6.233"]
[White "Martin, Lewis"]
[Black "Guthrie, David"]
[Result "0-1"]
[WhiteElo "2117"]
[BlackElo "2182"]
[PlyCount "78"]
[EventDate "2015.11.14"]
[EventType "team-tourn"]
[EventRounds "7"]
[EventCountry "ENG"]
[SourceTitle "CBM 170 Extra"]
[Source "ChessBase"]
[SourceDate "2016.02.25"]
[SourceVersion "1"]
[SourceVersionDate "2016.02.25"]
[SourceQuality "1"]
[WhiteTeam "Brown Jack Witney"]
[BlackTeam "Kings Head"]
[WhiteTeamCountry "ENG"]
[BlackTeamCountry "ENG"]

1. d4 Nf6 2. c4 e6 3. Nf3 d5 4. Nc3 dxc4 5. e3 a6 6. Bxc4 b5 7. Bd3 Bb7 8. 0-0 c5 9. b3 Nbd7 10. Bb2 Be7 11. Qe2 0-0 12. Rad1 Qc7 13. Nb1 Rac8 14. Ne5 cxd4 15. exd4 Nb6 16. f4 g6 17. Nd2 Nbd5 18. Qf2 Rfd8 19. g4 Bb4 20. f5 exf5 21. gxf5 g5 22. Ndf3 h6 23. Qg3 Nh5 24. Qh3 Ndf4 25. Qg4 Qe7 26. Rf2 Nf6 27. Qg3 N6h5 28. Qg4 Bc3 29. h4 Bxb2 30. Rxb2 f6 31. hxg5 fxe5 32. gxh6+ Kh8 33. Nxe5 Rg8 34. Ng6+ Kh7 35. Rf2 Nxd3 36. Rxd3 Rc1+ 37. Rf1 Rxf1+ 38. Kxf1 Qe4 39. Rh3 Qxg4 0-1

[Event "Gibraltar Masters 14th"]
[Site "Caleta"]
[Date "2016.01.31"]
[Round "6"]
[White "Blomqvist, Erik"]
[Black "Guthrie, David"]
[Result "1-0"]
[WhiteElo "2492"]
[BlackElo "2187"]
[PlyCount "49"]
[EventDate "2016.01.26"]
[EventType "swiss"]
[EventRounds "10"]
[EventCountry "GGB"]
[SourceTitle "CBM 171"]
[Source "ChessBase"]
[SourceDate "2016.03.14"]
[SourceVersion "2"]
[SourceVersionDate "2016.03.14"]
[SourceQuality "1"]

1. e4 c5 2. Nf3 d6 3. d4 cxd4 4. Nxd4 Nf6 5. Nc3 a6 6. Bc4 e6 7. Bb3 b5 8. 0-0 Be7 9. Qf3 Qc7 10. Qg3 Nc6 11. Nxc6 Qxc6 12. Re1 0-0 13. Bh6 Ne8 14. Nd5 Bd8 15. Re3 Kh8 16. Bg5 Bb7 17. Ne7 Bxe7 18. Bxe7 Rg8 19. Qf4 f6 20. Bxe6 Qc7 21. Rh3 Qxe7 22. Rxh7+ Kxh7 23. Qh4+ Kg6 24. g4 Rh8 25. Qxh8 1-0

[Event "BCF-chT2a 1516 (4NCL)"]
[Site "England"]
[Date "2016.01.24"]
[Round "4.235"]
[White "Way, Julian M"]
[Black "Guthrie, David"]
[Result "1-0"]
[WhiteElo "1991"]
[BlackElo "2187"]
[PlyCount "77"]
[EventDate "2015.11.14"]
[EventType "team-tourn"]
[EventRounds "7"]
[EventCountry "ENG"]
[SourceTitle "CBM 170 Extra"]
[Source "ChessBase"]
[SourceDate "2016.02.25"]
[SourceVersion "1"]
[SourceVersionDate "2016.02.25"]
[SourceQuality "1"]
[WhiteTeam "Celtic Tigers"]
[BlackTeam "Kings Head"]
[WhiteTeamCountry "ENG"]
[BlackTeamCountry "ENG"]

1. c4 e6 2. Nf3 Nf6 3. g3 b6 4. Bg2 Bb7 5. 0-0 g6 6. Nc3 Bg7 7. d3 0-0 8. Bg5 h6 9. Bd2 c5 10. Rb1 d5 11. cxd5 exd5 12. Nh4 Nc6 13. a3 d4 14. Ne4 Nd5 15. Qb3 Nce7 16. Nxc5 Bc6 17. Na6 Re8 18. Rfc1 Bb7 19. Nc7 Nxc7 20. Bxb7 Rb8 21. Bf3 Ne6 22. Ng2 Ng5 23. Bxg5 hxg5 24. Rc2 Qd7 25. Rbc1 Be5 26. a4 Kg7 27. Qb5 Qe6 28. h4 gxh4 29. Nxh4 Rh8 30. Qc4 Qf6 31. Bg2 Rh5 32. Nf3 Rbh8 33. Nxe5 Qxe5 34. Qc7 Qf6 35. Qb7 Rh2 36. Rc7 Qg5 37. R1c2 Kf8 38. Rxe7 Qxe7 39. Rc8+ 1-0

[Event "London Classic op 7th"]
[Site "London"]
[Date "2015.12.08"]
[Round "6"]
[White "Guthrie, David"]
[Black "De Coverly, Roger D"]
[Result "1-0"]
[WhiteElo "2198"]
[BlackElo "2037"]
[PlyCount "107"]
[EventDate "2015.12.04"]
[EventType "swiss"]
[EventRounds "9"]
[EventCountry "ENG"]
[SourceTitle "CBM 169 Extra"]
[Source "ChessBase"]
[SourceDate "2015.12.18"]
[SourceVersion "1"]
[SourceVersionDate "2015.12.18"]
[SourceQuality "1"]

1. d4 Nf6 2. c4 g6 3. Nc3 Bg7 4. e4 d6 5. Nf3 0-0 6. Be2 e5 7. 0-0 exd4 8. Nxd4 Re8 9. f3 Nc6 10. Be3 Nh5 11. Qd2 Nxd4 12. Bxd4 Nf4 13. Rfd1 Bxd4+ 14. Qxd4 Nxe2+ 15. Nxe2 b6 16. Nc3 Bb7 17. Rac1 Qg5 18. Nd5 Bxd5 19. cxd5 Re7 20. Qd2 Qh5 21. Qf4 Rf8 22. Qf6 Qe5 23. Qxe5 dxe5 24. Kf2 f5 25. Ke3 fxe4 26. fxe4 Rf4 27. Rd2 Rff7 28. b4 Rd7 29. b5 Kf8 30. Rc4 Ke8 31. Ra4 Rf1 32. Rxa7 Rb1 33. a4 Rb3+ 34. Rd3 Rb2 35. Rc3 Rxg2 36. Rcxc7 Rxc7 37. Rxc7 Rxh2 38. Rb7 Rh3+ 39. Ke2 Ra3 40. Rxb6 Rxa4 41. Ke3 Rb4 42. Rb7 h5 43. Rg7 Rb3+ 44. Kf2 Rb2+ 45. Kg3 Rb3+ 46. Kh4 Rb4 47. Kg5 Rxe4 48. b6 Rb4 49. b7 Kd8 50. Kf6 e4 51. Ke6 e3 52. d6 Re4+ 53. Kd5 Rb4 54. b8Q+ 1-0